Les Cahiers de Douai : niveau difficile - Statistiques

Statistiques générales
  • Ce quiz a été pris 8 fois
  • Le résultat moyen est 7 sur 22
Statistiques - réponses
Hint Réponse % Correct
1 Première Soirée
100%
2 Sensation
100%
3 Le Forgeron
67%
4 Soleil et Chair
67%
22 Ma Bohème
50%
5 Ophélie
50%
6 Bal des pendus
33%
21 Le Buffet
33%
17 Le Dormeur du val
33%
12 Roman
33%
10 A la musique
17%
18 Au Cabaret-vert, cinq heures du soir
17%
19 La Maline
17%
7 Le Châtiment de Tartufe
17%
14 Le Mal
17%
11 Les Effarés
17%
8 Vénus Anadyomène
17%
20 L’Éclatante Victoire de Sarrebrück
0%
9 Les Réparties de Nina
0%
13 Morts de Quatre-vingtdouze et de Quatre-vingt-treize
0%
15 Rages de Césars
0%
16 Rêvé pour l’hiver
0%
Aucun quiz correspondant
Distribution des résultats
% des personnes avec chaque résultat
Percentile par nombre de réponses
Votre historique - résultats
Vous n’avez pas pris ce quiz